Pão com bife (Record no. 49852)

MARC details
000 -LÍDER
campo de controle de tamanho fixo 00362 a2200169 4500
001 - NÚMERO DE CONTROLE
campo de controle 49852
020 ## - ISBN - INTERNATIONAL STANDARD BOOK NUMBER
ISBN - International Standard Book Number 9788560820191
040 ## - FONTE DA CATALOGAÇÃO
Instituição que transcreveu o registro Anchieta - Bela Vista
100 ## - ENTRADA PRINCIPAL--NOME PESSOAL
Nome pessoal Calixto, Fabiano
240 10 - TÍTULO UNIFORME
Título uniforme Pão com bife
Idioma da obra por
245 10 - TÍTULO
Título Pão com bife
300 ## - DESCRIÇÃO FÍSICA
Extensão 47
362 0# - DATAS DE PUBLICAÇÃO E/OU DESIGNAÇÃO SEQUENCIAL
Datas de publicação e/ou designação sequencial 2007
440 #1 - DECLARAÇÃO DE SÉRIE/ENTRADA ADICIONADA--TÍTULO
Título Edições SM
650 #4 - ASSUNTO--TERMO TÓPICO
Cabeçalho tópico ou nome geográfico Literatura juvenil
942 ## - ELEMENTOS DE ENTRADA ADICIONADOS (KOHA)
Tipo de material Koha Livros
Holdings
Situação do descarte Situação das perdas Situação física Não pode ser emprestado Biblioteca de origem Biblioteca atual Data de aquisição Total de empréstimos Número de chamada completo Código de barras Data de último acesso Data do preço efetivo Tipo de material Koha Fonte da classificação ou esquema de arquivamento na estante Nota pública
        Canadian School of Niterói - Piratininga Canadian School of Niterói - Piratininga 09/02/2024   CAL A12181 09/02/2024 09/02/2024 Livros    
        Colégio Anchieta - Bela Vista Colégio Anchieta - Bela Vista 21/11/2023   LJ 028.5 C154p CAL PAO 3041/BEL 21/11/2023 21/11/2023 Livros    
        Novo Tempo - Aureliano São José Novo Tempo - Aureliano São José 04/06/2024     nt964 04/06/2024 04/06/2024 Livros Classificação Decimal de Dewey Estante Verde